000 01749nam a2200469 i 4500
001 196060
003 ES-MaACL
005 20250807065808.0
008 240811s2002 sp | o||| ||spa
016 7 _abimoBNE20020436755
_2SpMaBN
016 _aBNE20023101814
016 _aBNE20023075869
016 _aBNE20024102131
017 _aM 13775-2002
_bOficina Depósito Legal Madrid
020 _a8474778409
035 _a(OCoLC)433084854
035 _a(SpMaBN)bimo0001786157
035 _a29074400-34bne_inst
035 _a29074398-34bne_inst
035 _a29074399-34bne_inst
035 _a991010191719708606
040 _aSpMaBN
_bspa
_cSpMaBN
_erdc
080 _a305-055.2
245 0 4 _aLas edades de las mujeres /
_cPilar Pérez Cantó (ed.), Margarita Ortega López (ed.).
260 _aMadrid :
_bInstituto Universitario de Estudios de la Mujer, Universidad Autónoma de Madrid,
_c[2002].
300 _aXI, 476 p. :
_c22 cm.
336 _2rdacontent
_atexto
337 _2rdamedia
_asin mediación
338 _2rdacarrier
_avolumen
500 _aEn el lomo: 23
504 _aBibliografía
650 7 _aMujeres
_2embne
_915251
700 0 _aPérez Cantó, María Pilar
_990702
_epbl
700 0 _aOrtega López, Margarita
_987466
_epbl
710 2 _aUniversidad Autónoma de Madrid.
_bInstituto Universitario de Estudios de la Mujer
_97073
852 _aES-MaACL
_bR.153361
_cDEPOJ
_jN-9187
_hDonación: Juan Carlos Peira ?
_xEncuadernación rústica
_9205092
883 1 _aCotejo registros de fondos y signatura-ítem
_d20220521
942 _cMONOGRAFIA
_n0
999 _c196060
_d196060